Founding Fathers Quiz - Statistics

General Stats
  • This quiz has been taken 12 times
  • The average score is 13 of 25
Answer Stats
Hint State Founding Father % Correct
1) Army commander and firstUS president VA George Washington
100%
19) European diplomat and 2nd US president MA John Adams
100%
5) Bostonian and organizer of thefamous tea party revolt MA Samuel Adams
100%
3) Author of the Declaration andlater president VA Thomas Jefferson
100%
12) Father of the Constitution VA James Madison
83%
25) Monument that depicts 4 famous figuresof American history SD Mount Rushmore
83%
10) Statesman and first US Treasury Secretary BVI/NY Alexander Hamilton
75%
2) Statesmen, diplomat, inventorfounder of UPenn MA Benjamin Franklin
75%
4) The Regulars are coming! MA Paul Revere
75%
16) Often referred to as the "last FoundingFather" during the Era of Good Feelings VA James Monroe
67%
15) Author of Common Sense UK/NY Thomas Paine
67%
9) First signer of the Declaration andpresident of the Continental Congress MA John Hancock
58%
6) Victor at Ticonderoga with hisGreen Mountain Boys VT Ethan Allen
50%
20) Author and founder of the first moderndictionary CT Noah Webster
50%
11) Give me liberty or give me death! VA Patrick Henry
42%
21) Author of the Virginia Declaration of Rights VA George Mason
33%
7) I only regret that I have but one life to lose for my country" CT Nathan Hale
33%
8) First US Chief Justice NY John Jay
25%
18) Delegate, senator and the oldest surviving signator of the Declaration MD Charles Carroll
8%
14) Patriot and Bunker Hill veteran MA Joseph Warren
8%
24) Commander of the Southern theater duringthe Revolutionary War as Washingtons top leader RI Nathaniel Greene
8%
17) War veteran, delegate, senator,legislator and prominent slave owner SC Pierce Butler
8%
13) Lawyer, diplomat, and administer ofthe oath of office to Washington NY Robert Livingston
8%
22) Along with #4, he rode into the night towarn the countryside of the British invasion MA William Dawes
8%
23) Patriot and playwright who advocated forcolonial independence along with her husband MA Mercy Otis Warren
0%
No matching quizzes found
Score Distribution
Percent of People with Each Score
Percentile by Number Answered
Your Score History
You have not taken this quiz